MBA trong tầm tay : Chủ đề quản lý chiến lược = The portable MBA in strategy

Giới thiệu khả năng thực hành tối ưu trong lĩnh vực quản trị chiến lược (hay chiến lược kinh doanh) dành cho doanh nghiệp nhỏ, đơn vị kinh doanh, tập đoàn quản trị nhóm doanh nghiệp, quản trị chiến lược thị trường...; các nhân tố đầu vào chi...

Πλήρης περιγραφή

Αποθηκεύτηκε σε:
Λεπτομέρειες βιβλιογραφικής εγγραφής
Μορφή: Βιβλίο
Γλώσσα:Undetermined
Έκδοση: Thành phố Hồ Chí Minh Tổng hợp Thành phố Hồ Chí Minh,Tinh văn Media 2009
Θέματα:
Ετικέτες: Προσθήκη ετικέτας
Δεν υπάρχουν, Καταχωρήστε ετικέτα πρώτοι!
Thư viện lưu trữ: Trung tâm Học liệu Trường Đại học Cần Thơ
LEADER 01288nam a2200205Ia 4500
001 CTU_147625
008 210402s9999 xx 000 0 und d
020 |c 160000 
082 |a 658.4012 
082 |b M423 
245 0 |a MBA trong tầm tay : 
245 0 |b Chủ đề quản lý chiến lược = The portable MBA in strategy 
245 0 |c Biên tập: Liam Fahey, Robert M. Randall; Phan Thu dịch ; Trịnh Đức Vinh hiệu đính 
260 |a Thành phố Hồ Chí Minh 
260 |b Tổng hợp Thành phố Hồ Chí Minh,Tinh văn Media 
260 |c 2009 
520 |a Giới thiệu khả năng thực hành tối ưu trong lĩnh vực quản trị chiến lược (hay chiến lược kinh doanh) dành cho doanh nghiệp nhỏ, đơn vị kinh doanh, tập đoàn quản trị nhóm doanh nghiệp, quản trị chiến lược thị trường...; các nhân tố đầu vào chiến lược, hoạch định chiến lược, quản lý thay đổi chiến lược... 
650 |a Business planning,Kế hoạch chiến lược,Kế hoạch kinh doanh,Strategic planning 
904 |i Nguyên 
980 |a Trung tâm Học liệu Trường Đại học Cần Thơ